| 000 | 00570nam a2200205Ia 4500 | ||
|---|---|---|---|
| 003 | OSt | ||
| 005 | 20250205122759.0 | ||
| 008 | 210210b1954 xxu||||| |||| 00| 0 eng d | ||
| 040 | _cAL | ||
| 041 | _aKannada | ||
| 082 | _a859/980 | ||
| 100 |
_aNADIGERA KRASHNARAYA _9139215 _dನಾಡಿಗೇರ ಕೃಷ್ಣರಾಯ |
||
| 245 |
_aNage barahagalu-2 _bನಗೆ ಬರಹಗಳು-೨ |
||
| 260 |
_aBengaluru _b- _c1954 |
||
| 650 |
_aNage _9139216 |
||
| 650 |
_abarahagaLu-2 _9139217 |
||
| 690 |
_aKannada Fiction _9139218 |
||
| 906 | _a021730 | ||
| 942 |
_2ddc _cBK |
||
| 999 |
_c145830 _d145830 |
||